Vznikne silná sociálna demokracia delením?

Bibliographic Details
Main Author: Gembický, Július (Author)
Format: Article
Language:Slovak
Subjects:

MARC

LEADER 00000nab a2200000 a 4500
001 vtls000551083
003 SK-MaSNL
005 20260303194710.0
008 150430c1995 xo 0 slo
015 |a SNBRB19rr/mm-uuuuu 
035 |a CL0551221 
040 |a SNKBUCL  |b slo  |c SNKBUCL  |e AACR2 
041 0 |a slo 
044 |a xo  |c SK 
080 |a 329.14(437.6)SDSS  |2 1981 
100 1 |a Gembický, Július  |4 aut  |9 232498 
245 1 0 |a Vznikne silná sociálna demokracia delením?  |c Július Gembický 
650 0 7 |a Sociálnodemokratická strana na Slovensku  |2 snkbucl  |9 894013 
655 7 |a články z novín a časopisov  |2 snkbucl  |9 267496 
773 0 |t Národná obroda  |g Roč. 6, č. 137 (14. 6. 1995), s. 3 
850 |a Slovenská národná knižnica v Martine  |a MTA001 
852 |a SNK  |b KIS3GCP 
958 |a RK 
958 |a SK 
992 |a RBX 
999 |c 2158985  |d 2160915